00350nam a2200157Ia 4500003000900000008004100009040001300050040001300063100002300076245002400099250002200123260001500145300000800160490000600168700001800174IT-RoPAU120407s9999 xx 000 0 und d aIT-RoPAU cIT-RoPAU aBernard C. Mischke aPray today's Gospel aStaten Island, NY aAlba House c cm v1 aFritz Mischke